All Psychic type Pokémon - Statistics

General Stats
  • This quiz has been taken 198 times
    132 since last reset
  • The average score is 81 of 110
Answer Stats
Type Generation Pokémon % Correct
1 Abra
99%
1 Alakazam
99%
Poison-Psychic 8 Galarian Slowbro
99%
8 Galarian Slowpoke
99%
1 Kadabra
99%
Water-Psychic 1 Slowbro
99%
Water-Psychic 1 Slowpoke
99%
Ice-Psychic 1 Jynx
97%
Poison-Psychic 8 Galarian Slowking
96%
Water-Psychic 2 Slowking
96%
1 Mew
95%
1 Mewtwo
95%
Psychic-Ice 8 Galarian Mr.Mime
92%
Psychic-Fairy 1 Mr. mime
92%
Water-Psychic 1 Starmie
91%
Psychic-Grass 2 Celebi
90%
Psychic-Fairy 3 Gardevoir
90%
Psychic-Fairy 3 Kirlia
90%
Steel-Psychic 3 Metagross
90%
Psychic-Fairy 3 Ralts
90%
Steel-Psychic 3 Beldum
89%
Grass-Psychic 1 Exeggcute
89%
Grass-Psychic 1 Exeggutor
89%
Rock-Psychic 3 Lunatone
89%
Steel-Psychic 3 Metang
89%
Psychic-Flying 2 Natu
89%
Psychic-Flying 2 Xatu
89%
Steel-Psychic 3 Jirachi
87%
Rock-Psychic 3 Solrock
87%
Fire-Psychic 6 Delphox
86%
Fighting-Psychic 4 Gallade
86%
Psychic-Flying 2 Lugia
86%
Steel-Psychic 4 Bronzor
85%
1 Drowzee
85%
2 Espeon
85%
5 Gothita
85%
1 Hypno
85%
Dragon-Psychic 3 Latias
85%
Dragon-Psychic 3 Latios
85%
4 Azelf
84%
Steel-Psychic 4 Bronzong
84%
5 Gothitelle
84%
Fighting-Psychic 3 Medicham
84%
Fighting-Psychic 3 Meditite
84%
4 Mesprit
84%
Psychic-Fairy 4 Mime Jr.
84%
Ice-Psychic 2 Smoochum
84%
4 Uxie
84%
Psychic-Flying 5 Sigilyph
82%
Ground-Psychic 3 Baltoy
81%
4 Cresselia
81%
Normal-Psychic 2 Girafarig
81%
Psychic-Fire 5 Victini
81%
Ground-Psychic 3 Claydol
80%
Psychic-Ice 8 Mr. Rime
80%
5 Duosion
78%
5 Solosis
78%
5 Gothorita
77%
5 Reuniclus
77%
Dark-Psychic 6 Malamar
76%
Dark-Psychic 6 Inkay
75%
Psychic-Flying 5 Woobat
75%
3 Deoxys
73%
Psychic-Flying 5 Swoobat
73%
2 Unown
72%
5 Musharna
68%
Psychic-Steel 7 Solgaleo
68%
Normal-Psychic 9 Farigiraf
67%
3 Grumpig
67%
Psychic-Ghost 7 Lunala
67%
6 Meowstic
67%
5 Munna
67%
3 Spoink
67%
Psychic/Ghost/Dark 6 Hoopa
66%
Normal-Psychic 5 Meloetta
66%
6 Espurr
65%
Psychic-Flying 7 Oricorio (Pa'u-style)
65%
7 Cosmog
63%
Psychic-Fairy 7 Tapu Lele
63%
2 Wobbuffet
63%
7 Cosmoem
62%
Bug-Psychic 8 Orbeetle
62%
Water-Psychic 7 Bruxish
59%
3 Wynaut
58%
5 Beheeyem
57%
Bug-Psychic 8 Dottler
57%
5 Elgyem
56%
Psychic-Normal 8 Indeedee
56%
Normal-Psychic 7 Oranguru
54%
Electric-Psychic 7 Alolan Raichu
53%
Psychic-Flying 8 Galarian Articuno
53%
Psychic-Fairy 8 Hatterene
52%
Poison-Psychic 9 Munkidori
51%
4 Chingling
49%
Bug-Psychic 9 Rabsca
49%
3 Chimecho
48%
Psychic-Flying 8 Hisuian Braviary
48%
Fairy-Psychic 9 Scream Tail
48%
8 Hatenna
47%
Normal-Psychic 8 Wyrdeer
43%
Grass-Psychic 9 Iron Leaves
42%
Water-Psychic 9 Veluza
41%
Fire-Psychic 9 Armarouge
39%
9 Espathra
39%
8 Hattrem
39%
8 Galarian Ponyta
38%
Psychic-Fairy 8 Galarian Rapidash
38%
9 Flittle
37%
Psychic-Grass 8 Calyrex
35%
7 Necrozma
35%
No matching quizzes found
Score Distribution
Percent of People with Each Score
Percentile by Number Answered
Your Score History
You have not taken this quiz since the last reset